Ľ espace Schengen

Ktoré štáty tvoria schengenský priestor. V čom spočívajú kontroly na schengenských hraniciach. Posilnené kontroly na vonkajších hraniciach. 24 krajín schengenského priestoru.

Gespeichert in:
Bibliographische Detailangaben
1. Verfasser: Rizeková, Iveta, 1961-
Format: Buchkapitel
Sprache:Französisch
Schlagworte:
Tags: Tag hinzufügen
Keine Tags, Fügen Sie das erste Tag hinzu!

MARC

LEADER 00000naa$a2200000$$$4500
001 0076583
005 20240502071908.7
041 0 |a fre 
044 |a SK 
245 1 0 |a Ľ espace Schengen  |c Iveta Rizeková 
520 |a Ktoré štáty tvoria schengenský priestor. V čom spočívajú kontroly na schengenských hraniciach. Posilnené kontroly na vonkajších hraniciach. 24 krajín schengenského priestoru. 
610 2 0 |a Európska únia 
610 2 0 |a spolupráca hospodárska medzinárodná 
610 2 0 |a štát 
610 2 0 |a hranice štátne 
610 2 0 |a kontrola 
610 2 0 |a dohody medzinárodné 
100 1 |a Rizeková, Iveta, 1961-